000 00485nam a2200169Ia 4500
008 090201s9999 xx 000 0 und d
010 _aKPL-44730
040 _bमराठी
041 _aमराठी
082 _a32320
_b44730
100 _aजयंत रानडे
245 _aफितुर
_cजयंत रानडे
260 _c2004
_bरावजी प्रकाशन
300 _a184
_bमोठा
600 _aफितुर
942 _cBOOK
999 _c230662
_d230662